000 00723nam a2200229Ii 4500
003 JO-AjNU
008 230605s9999||||xx |||||||||||||| ||und||
017 _a10145/2012
020 _a978-977-04-7014-4
040 _aJO-AjNU
_bara
_erda
_cJO-AjNU
041 _aara
050 1 4 _aKZ3684.5.2012
100 3 _aخوتة، بختة,
_eauthor
_964415
245 0 0 _aالتسوية القضائية لنزاعات الحدود البحرية
250 _aط1
264 3 1 _aالقاهرة: دار النهضة العربية، 2012
300 _a220ص
336 _atext
_btxt
_2rdacontent
337 _aunmediated
_bn
_2rdamedia
338 _avolume
_bnc
_2rdacarrier
650 4 _aالمنازعات الدولية
_964416
999 _aA29355
_c32923
_d32923